000
00276nam a22001217a 4500
008
181105b xxu||||| |||| 00| 0 eng d
041
_a
eng
080
_a
910
100
_a
42
101
_a
GJEO
245
_a
Introduction to Physical Geography
_c
Gabler,R,E
942
_2
udc
_c
BK
999
_c
51822
_d
51822